| 000 | 02865nam a22003257a 4500 | ||
|---|---|---|---|
| 001 | 320 | ||
| 003 | OSt | ||
| 005 | 20250528074017.0 | ||
| 008 | 250326b |||||||e |||| 00| f eng d | ||
| 040 | _bpor | ||
| 041 |
_heng _apor |
||
| 082 |
_a823 _bL419a |
||
| 100 | 1 |
_aLawrence, D. H. _d1885-1930 _c / David Herbert Lawrence _9642 |
|
| 240 | _aLady Chatterley´s lover | ||
| 245 |
_aO amante de Lady Chatterley / _cLawrence, D. H ; Tradução de Rodrigo Richter |
||
| 260 |
_aSão Paulo _bAbril _c1972 |
||
| 300 | _a345 p. | ||
| 490 | 1 | _aOs Imortais da Literatura Universal | |
| 520 | _aPelo papel que conferiu à paixão amorosa, às vezes em meticulosas descrições do amor físico, o britânico D. H. Lawrence causou polêmica em sua época, porém mais tarde passou a ser visto como um dos maiores renovadores da prosa de ficção no século XX. Em 1928, radicado em Florença, Lawrence publicou seu mais célebre romance, O Amante de Lady Chatterley, que conheceu sucessivas proibições e cujo texto integral só veio a público em 1959, em Nova York. A obra recria as relações entre uma aristocrática inglesa, seu marido (paralítico em consequência da guerra) e seu guarda florestal: ao mesmo tempo em que defende a liberdade sexual, ataca frontalmente as convenções sociais. O romance desenvolve o tema do conflito entre a imperiosa exigência do sexo e a serenidade do amor. Poucos meses depois de seu casamento, Constance Chatterley, uma garota criada numa família burguesa e liberal, vê seu marido partir rumo à guerra. O homem que ela recebe de volta está paralisado da cintura para baixo, e eles se recolhem na vasta propriedade rural dos Chatterley. Inteiramente devotado à sua carreira literária e depois aos negócios da família, Clifford vai aos poucos se distanciando da mulher. Isolada, Constance encontra companhia no guarda-caças Oliver Mellors, um ex-soldado que resolveu viver no isolamento após sucessivos fracassos amorosos. Último romance do autor, O amante de lady Chatterley foi banido em seu lançamento, em 1928, e só ganhou sua primeira edição oficial na Inglaterra em 1960, quando a editora Penguin enfrentou um processo de obscenidade para defender o livro. Àquela altura, já não espantava mais os leitores o uso de "palavras inapropriadas" e as descrições vivas e detalhadas dos encontros sexuais de Constance Chatterley e Oliver Mellors. O que sobressaía era a força literária de Lawrence e a capacidade de capturar uma sociedade em transição. | ||
| 650 | 0 |
_aLiteratura Inglesa _989 |
|
| 650 | 0 |
_aAmante _9643 |
|
| 650 | 0 |
_aAmor e Paixão _925 |
|
| 650 | 0 |
_aTraição _9644 |
|
| 650 | 0 |
_aClássicos _977 |
|
| 655 | 0 |
_aRomance _923 |
|
| 655 | 0 |
_aFicção _922 |
|
| 700 |
_aRodrigo Richter _eTRADUTOR _9645 |
||
| 830 |
_aOs Imortais da Literatura Universal _9461 _vvol. 33 |
||
| 942 |
_2ddc _n0 _cBK |
||
| 999 |
_c320 _d320 |
||